Tango: mito y esencia
Uloženo v:
| Hlavní autor: | |
|---|---|
| Médium: | Kniha |
| Jazyk: | španělština |
| Vydáno: |
Buenos Aires
Centro Editor de América Latina
1966
|
| Edice: | Del Encuentro
|
| Témata: | |
| Tagy: |
Přidat tag
Žádné tagy, Buďte první, kdo vytvoří štítek k tomuto záznamu!
|
MARC
| LEADER | 00000nam a2200000 a 4500 | ||
|---|---|---|---|
| 001 | UCQ2399 | ||
| 003 | CL-VaPUC | ||
| 008 | 980724e19660000AG |||||||||||||||||spa|d | ||
| 082 | 0 | 4 | |a 781.782 |b CAR |2 21 |
| 100 | 0 | |a Carella, Tulio |e author |9 416284 | |
| 245 | 1 | 0 | |a Tango: mito y esencia |
| 300 | |a 132 p | ||
| 942 | |c BK | ||
| 945 | |d 19980724 00:00:00 |a crobeson | ||
| 260 | |a Buenos Aires |b Centro Editor de América Latina |c 1966 | ||
| 650 | 0 | |a Tango |9 416285 | |
| 650 | 7 | |a BAILE |2 CL-VaPUC |9 416286 | |
| 650 | 0 | |a Historia y crítica |9 257407 | |
| 583 | |a last modification |c 19980724 00:00:00 |k Rodrigo Vera | ||
| 490 | 0 | |a Del Encuentro | |
| 999 | |c 273224 |d 273222 | ||
| 952 | |0 0 |1 0 |4 0 |6 781_782000000000000_CAR_1966 |7 0 |8 A |9 308612 |a BIBEDU |b BIBEDU |d 2019-11-20 |i 1445154 |o 781.782 CAR 1966 |p 1445154 |r 2019-11-20 |w 2019-11-20 |y BK |k LIT | ||